Textbook on succession / (Record no. 9696)
[ view plain ]
| 000 -LEADER | |
|---|---|
| fixed length control field | 00770nam a22001817a 4500 |
| 005 - DATE AND TIME OF LATEST TRANSACTION | |
| control field | 20230620151631.0 |
| 008 - FIXED-LENGTH DATA ELEMENTS--GENERAL INFORMATION | |
| fixed length control field | 230615b ||||| |||| 00| 0 eng d |
| 020 ## - INTERNATIONAL STANDARD BOOK NUMBER | |
| International Standard Book Number | 9781841742212 |
| 050 ## - LIBRARY OF CONGRESS CALL NUMBER | |
| Classification number | KD1500.B67(2e) |
| 100 ## - MAIN ENTRY--PERSONAL NAME | |
| Personal name | Borkowski, Andrew. |
| 9 (RLIN) | 1763 |
| 245 ## - TITLE STATEMENT | |
| Title | Textbook on succession / |
| Statement of responsibility, etc. | Andrew Borkowski. |
| 250 ## - EDITION STATEMENT | |
| Edition statement | 2nd ed. |
| 260 ## - PUBLICATION, DISTRIBUTION, ETC. | |
| Place of publication, distribution, etc. | Oxford: |
| Name of publisher, distributor, etc. | Oxford University Press, |
| Date of publication, distribution, etc. | 2012. |
| 300 ## - PHYSICAL DESCRIPTION | |
| Extent | xxxiv, 393p.: |
| Dimensions | 23 cm. |
| 500 ## - GENERAL NOTE | |
| General note | Includes index |
| 505 ## - FORMATTED CONTENTS NOTE | |
| Formatted contents note | Contents: Intestacy -- Wills: Nature, characteristics and contents -- Making a will: capacity and intention -- Making a will: formalities -- Revocation -- Construction of wills -- Entitlement -- Family provision and testamentary freedom -- Alternative succession -- Administration. |
| 942 ## - ADDED ENTRY ELEMENTS (KOHA) | |
| Source of classification or shelving scheme | Library of Congress Classification |
| Koha item type | Books |
| Withdrawn status | Lost status | Source of classification or shelving scheme | Damaged status | Not for loan | Home library | Current library | Shelving location | Date acquired | Full call number | Barcode | Date last seen | Copy number | Price effective from | Koha item type | Total Checkouts |
|---|---|---|---|---|---|---|---|---|---|---|---|---|---|---|---|
| Library of Congress Classification | WISCONSIN INTERNATIONAL UNIVERSITY COLLEGE, GHANA - MAIN LIBRARY | WISCONSIN INTERNATIONAL UNIVERSITY COLLEGE, GHANA - MAIN LIBRARY | Law Library | 15/06/2023 | KD1500.B67(2e) | 2951/120/23 | 15/06/2023 | 1 | 15/06/2023 | Books | |||||
| Library of Congress Classification | WISCONSIN INTERNATIONAL UNIVERSITY COLLEGE, GHANA KUMASI LIBRARY | WISCONSIN INTERNATIONAL UNIVERSITY COLLEGE, GHANA KUMASI LIBRARY | Law Library | 05/06/2023 | KD1500.B67(2e) | KSL/2231/434/23 | 20/06/2023 | 15/06/2023 | Books |
